| 000 | 00635nam a22001577a 4500 | ||
|---|---|---|---|
| 003 | OSt | ||
| 005 | 20150916102317.0 | ||
| 008 | 150916b xxu||||| |||| 00| 0 eng d | ||
| 040 | _cRUA | ||
| 082 | _aAGR CHA 2003 B028 Or.1 | ||
| 100 |
_9571 _aCHAN, NOENG. |
||
| 245 | _aA comparision of different organic fertilizers on water spinach ការប្រៀបធៀបនៃការប្រើប្រាស់ជីFម្មជាតិប្រភេទផ្សេងៗទៅលើការលូតលាស់របស់ត្រកួន | ||
| 260 |
_aPhnom Penh _bRUA _c2003 |
||
| 300 |
_a53p. _bill. _c29cm. |
||
| 942 |
_2ddc _cAGR |
||
| 999 |
_c548 _d548 |
||